Estimating foreign resource needs for economic development : (Registro nro. 11737)

Detalles MARC
000 -LEADER
fixed length control field 00868nam a2200229Ia 4500
003 - CONTROL NUMBER IDENTIFIER
control field OSt
005 - DATE AND TIME OF LATEST TRANSACTION
control field 20210527150341.0
008 - FIXED-LENGTH DATA ELEMENTS--GENERAL INFORMATION
fixed length control field 210310s1967 nyuad gr 000 0 eng d
040 ## - CATALOGING SOURCE
Original cataloging agency CO-JMCR
Transcribing agency CO-JMCR
041 0# - LANGUAGE CODE
Language code of text/sound track or separate title eng
082 04 - DEWEY DECIMAL CLASSIFICATION NUMBER
Edition number 23
Classification number 330.9861 /
Item number V152e
100 1# - MAIN ENTRY--PERSONAL NAME
Personal name Vanek, Jaroslav,
Relator term autor
9 (RLIN) 26317
245 10 - TITLE STATEMENT
Title Estimating foreign resource needs for economic development :
Remainder of title theory, Method, and a case study of Colombia /
Statement of responsibility, etc. Jaroslav Vanek
260 ## - PUBLICATION, DISTRIBUTION, ETC.
Place of publication, distribution, etc. New York :
Name of publisher, distributor, etc. McGraw-Hill,
Date of publication, distribution, etc. 1967.
300 ## - PHYSICAL DESCRIPTION
Extent 180 páginas :
Other physical details ilustraciones y gráficas en blanco y negro ;
Dimensions 23 cm.
500 ## - GENERAL NOTE
General note #N/A
504 ## - BIBLIOGRAPHY, ETC. NOTE
Bibliography, etc. note Bibliografía : páginas 172-173.
505 0# - FORMATTED CONTENTS NOTE
Formatted contents note The estimationstructure and projections for Colombia. -- Analysis of Results
650 14 - SUBJECT ADDED ENTRY--TOPICAL TERM
Topical term or geographic name entry element Teoría económica
Geographic subdivision Colombia
9 (RLIN) 37993
650 24 - SUBJECT ADDED ENTRY--TOPICAL TERM
Topical term or geographic name entry element Análisis económico
Geographic subdivision Colombia
9 (RLIN) 7320
942 ## - ADDED ENTRY ELEMENTS (KOHA)
Source of classification or shelving scheme Dewey Decimal Classification
Koha item type Books
Existencias
Withdrawn status Lost status Source of classification or shelving scheme Damaged status Not for loan Home library Current library Shelving location Date acquired Source of acquisition Full call number Barcode Date last seen Copy number Price effective from Koha item type
    Dewey Decimal Classification     Biblioteca Pública José María del Castillo y Rada Biblioteca Pública José María del Castillo y Rada General Stacks 04/15/2018 Donación 330.9861 / V152e 430002175 05/16/2024 Ej.1 03/10/2021 Books